[Event "Cortina d'Ampezzo op 2nd"]
[Site "Cortina d'Ampezzo"]
[Date "2004.07.??"]
[Round "8"]
[White "Mariano, Elia"]
[Black "Poropat, Marijan"]
[Result "1-0"]
[WhiteElo "2212"]
[BlackElo "2126"]
[PlyCount "101"]
[EventDate "2004.07.11"]
[EventType "swiss"]
[EventRounds "7"]
[EventCountry "ITA"]
[SourceTitle "CBM 101 Extra"]
[Source "ChessBase"]
[SourceDate "2004.09.01"]
[SourceVersion "2"]
[SourceVersionDate "2004.09.01"]
[SourceQuality "1"]

1. d4 Nf6 2. c4 c5 3. Nf3 g6 4. g3 Bg7 5. Bg2 0-0 6. 0-0 Nc6 7. Nc3 a6 8. dxc5 Qa5 9. Nd5 Ne4 10. Nb6 Rb8 11. Nxc8 Rbxc8 12. Qxd7 Rfd8 13. Qh3 Qxc5 14. Be3 Qxc4 15. Bb6 Re8 16. Rac1 Qxa2 17. Nd4 Bxd4 18. Bxd4 Nd2 19. Rfd1 Nb3 20. Bd5 Qa4 21. Bxf7+ Kxf7 22. Qxh7+ Ke6 23. Qxg6+ Kd7 24. Qg4+ e6 25. Bc5+ Ncd4 26. Qg7+ Kc6 27. Bxd4+ Nxc1 28. Rxc1+ Kd6 29. Be5+ Kd5 30. Qxb7+ Kxe5 31. Rxc8 Rxc8 32. Qxc8 Qd1+ 33. Kg2 Qxe2 34. Qc3+ Kd6 35. Qd4+ Ke7 36. Qg7+ Kd6 37. Qf8+ Kc7 38. Qc5+ Kb7 39. Qe7+ Kc6 40. Qe8+ Kc5 41. Qe7+ Kd5 42. Qa3 Qb5 43. Qf3+ Kd6 44. b3 e5 45. h4 a5 46. h5 Qe8 47. Qf6+ Kc5 48. h6 Qa8+ 49. Kh2 Qe4 50. Qe7+ Kb5 51. h7 1-0

[Event "Cortina d'Ampezzo op 2nd"]
[Site "Cortina d'Ampezzo"]
[Date "2004.07.??"]
[Round "5"]
[White "Poropat, Marijan"]
[Black "D'Apa, Matteo"]
[Result "1/2-1/2"]
[WhiteElo "2126"]
[BlackElo "1939"]
[PlyCount "83"]
[EventDate "2004.07.11"]
[EventType "swiss"]
[EventRounds "7"]
[EventCountry "ITA"]
[SourceTitle "CBM 101 Extra"]
[Source "ChessBase"]
[SourceDate "2004.09.01"]
[SourceVersion "2"]
[SourceVersionDate "2004.09.01"]
[SourceQuality "1"]

1. d4 d5 2. c4 c6 3. Nf3 e6 4. e3 Nf6 5. Nbd2 Bd6 6. b3 Nbd7 7. Bb2 0-0 8. Bd3 b6 9. e4 dxe4 10. Nxe4 Nxe4 11. Bxe4 Bb7 12. 0-0 Nf6 13. Bc2 c5 14. dxc5 Bxc5 15. Qe2 Qe7 16. Ng5 h6 17. Qd3 e5 18. Nh3 e4 19. Qg3 Bd6 20. Qh4 Be5 21. Bxe5 Qxe5 22. Rae1 Rfe8 23. Re3 Qh5 24. Qg3 Qe5 25. Nf4 Rad8 26. h3 Rd2 27. Bb1 Red8 28. Ne2 Qxg3 29. Nxg3 R8d4 30. Nf5 Rd8 31. Rg3 Nh5 32. Rg4 Kh7 33. Bxe4 Bxe4 34. Rxe4 Rxa2 35. g4 Nf6 36. Re3 Rdd2 37. Ne7 Re2 38. Rxe2 Rxe2 39. Nc6 Rb2 40. b4 Rc2 41. Ne5 Kg8 42. Ra1 1/2-1/2

[Event "Bled op 24th"]
[Site "Bled"]
[Date "2003.07.15"]
[Round "2"]
[White "Poropat, Marijan"]
[Black "Buchnicek, Petr"]
[Result "0-1"]
[WhiteElo "2102"]
[BlackElo "2325"]
[PlyCount "118"]
[EventDate "2003.07.14"]
[EventType "swiss"]
[EventRounds "9"]
[EventCountry "SLO"]
[SourceTitle "CBM 095 Extra"]
[Source "ChessBase"]
[SourceDate "2003.09.04"]
[SourceVersion "1"]
[SourceVersionDate "2003.09.04"]
[SourceQuality "1"]

1. Nf3 d5 2. g3 c6 3. Bg2 Bg4 4. c4 e6 5. b3 Nd7 6. Bb2 Ngf6 7. 0-0 Bd6 8. d3 0-0 9. Nbd2 Qe7 10. Qc2 Ba3 11. Rae1 a5 12. Ne5 Bxb2 13. Nxd7 Nxd7 14. Qxb2 a4 15. b4 a3 16. Qc3 Ra4 17. h3 Bh5 18. g4 Bg6 19. Rb1 f5 20. gxf5 Bxf5 21. e4 dxe4 22. dxe4 Bg6 23. f4 e5 24. f5 Bf7 25. c5 b6 26. cxb6 Nxb6 27. Rf2 Rd8 28. Bf1 Rd4 29. Nb3 Rdxb4 30. Qxc6 Ra8 31. Qc3 Rc8 32. Qg3 Nd7 33. Rg2 Qf8 34. Rd1 Nf6 35. Qxe5 Bxb3 36. axb3 Rxe4 37. Qg3 Qc5+ 38. Kh1 Re7 39. Bc4+ Kf8 40. Qh4 Qc6 41. Be6 Ra8 42. Kh2 Qc7+ 43. Kg1 Qe5 44. Re1 Qc3 45. Ree2 Rd8 46. Qf4 Ra7 47. Rd2 Qc5+ 48. Kh2 Rda8 49. b4 Qe7 50. Ba2 Rb7 51. Rd4 Rab8 52. Rgd2 Rxb4 53. Rd8+ Rxd8 54. Rxd8+ Qxd8 55. Qxb4+ Qe7 56. Qc4 Qe5+ 57. Kg2 Qe4+ 58. Kf1 Qxc4+ 59. Bxc4 Ne4 0-1

[Event "San Martino op 4th"]
[Site "San Martino di Castrozza"]
[Date "2003.07.05"]
[Round "6"]
[White "Campini, Marco"]
[Black "Poropat, Marijan"]
[Result "1-0"]
[WhiteElo "2156"]
[BlackElo "2103"]
[PlyCount "79"]
[EventDate "2003.06.30"]
[EventType "swiss"]
[EventRounds "7"]
[EventCountry "ITA"]
[SourceTitle "EXT 2004"]
[Source "ChessBase"]
[SourceDate "2003.11.25"]
[SourceVersion "1"]
[SourceVersionDate "2003.11.25"]
[SourceQuality "1"]

1. e4 d6 2. d4 g6 3. f4 Nf6 4. Nc3 Bg7 5. Nf3 0-0 6. Bd3 Na6 7. Qe2 c5 8. d5 Nc7 9. Nd1 b5 10. c3 c4 11. Bc2 Bb7 12. a4 a6 13. Nd4 e6 14. dxe6 fxe6 15. axb5 axb5 16. Rxa8 Qxa8 17. Nf2 e5 18. Nxb5 Nxb5 19. Qxc4+ d5 20. Qxb5 dxe4 21. Qa4 Ba6 22. fxe5 Nh5 23. Bxe4 Qa7 24. Qd4 Qe7 25. Ng4 Rd8 26. Bd5+ Kh8 27. c4 Qh4+ 28. Kd1 Ng3 29. Re1 Nf5 30. Qe4 Qe7 31. Bd2 Qa7 32. Bc3 h5 33. Nf6 Bc8 34. e6 Ne7 35. g4 Qa4+ 36. Ke2 Ba6 37. Kf3 h4 38. g5 Nf5 39. e7 Re8 40. Nxe8 1-0

[Event "San Martino op 4th"]
[Site "San Martino di Castrozza"]
[Date "2003.07.04"]
[Round "5"]
[White "Solinas, Carlo"]
[Black "Poropat, Marijan"]
[Result "0-1"]
[WhiteElo "2089"]
[BlackElo "2103"]
[PlyCount "126"]
[EventDate "2003.06.30"]
[EventType "swiss"]
[EventRounds "7"]
[EventCountry "ITA"]
[SourceTitle "EXT 2004"]
[Source "ChessBase"]
[SourceDate "2003.11.25"]
[SourceVersion "1"]
[SourceVersionDate "2003.11.25"]
[SourceQuality "1"]

1. e4 d6 2. d4 Nf6 3. Nc3 g6 4. Bg5 Bg7 5. e5 Nfd7 6. Nd5 Nc6 7. Bb5 h6 8. exd6 cxd6 9. Be3 Nb6 10. Nc3 a6 11. Be2 Nb4 12. Nf3 Bf5 13. Rc1 Rc8 14. 0-0 0-0 15. Qd2 Kh7 16. a3 N4d5 17. Nh4 Nxc3 18. bxc3 Be6 19. Rb1 Bc4 20. Bd3 e6 21. g3 Bd5 22. Qe2 f5 23. Rxb6 Qxb6 24. c4 Be4 25. Bxe4 fxe4 26. Qg4 Rf6 27. d5 Qb2 28. dxe6 Qe5 29. e7 Qe6 30. Qe2 Rf7 31. Ng2 Rxe7 32. Nf4 Qe5 33. Qg4 Qf5 34. Qe2 h5 35. Rd1 Bf6 36. Nd5 Qf3 37. Qf1 Rxc4 38. Rb1 Rxc2 39. Nb4 Rc3 40. Re1 Rxa3 41. Nc2 Rd3 42. Re2 a5 43. Ne1 Rd1 44. Nxf3 Rxf1+ 45. Kxf1 exf3 46. Ra2 Bc3 47. Bd2 Bxd2 48. Rxd2 Rc7 49. Rd1 Rc6 50. Ke1 b5 51. Rd5 Rb6 52. Kd2 a4 53. Kc3 b4+ 54. Kb2 a3+ 55. Kb1 Kg7 56. Rd4 Kf6 57. Rf4+ Ke5 58. Rxf3 d5 59. Rf4 d4 60. Rf8 Ke4 61. Re8+ Kd5 62. Rd8+ Rd6 63. Rc8 a2+ 0-1

[Event "Seefeld op 13th"]
[Site "Seefeld"]
[Date "2002.09.22"]
[Round "9"]
[White "Poropat, Marijan"]
[Black "Di Lazzaro, Gabriele"]
[Result "1/2-1/2"]
[WhiteElo "2136"]
[BlackElo "2035"]
[PlyCount "87"]
[EventDate "2002.09.14"]
[EventType "swiss"]
[EventRounds "9"]
[EventCountry "AUT"]
[SourceTitle "EXT 2007"]
[Source "ChessBase"]
[SourceDate "2006.11.23"]
[SourceVersion "1"]
[SourceVersionDate "2006.11.23"]
[SourceQuality "1"]

1. Nf3 c5 2. c4 Nc6 3. d4 cxd4 4. Nxd4 Nf6 5. g3 Qb6 6. Nc2 g6 7. Bg2 Bg7 8. Nc3 d6 9. Qd2 0-0 10. b3 Bf5 11. Bb2 Ne4 12. Bxe4 Bxe4 13. 0-0 Bxc2 14. Qxc2 e6 15. Rad1 Rfd8 16. Ne4 Ne5 17. Qb1 Qc6 18. f3 Qb6+ 19. Kg2 Nxc4 20. bxc4 Bxb2 21. h4 Bd4 22. Qc1 d5 23. c5 Qb2 24. Qxb2 Bxb2 25. Nd6 b6 26. Rb1 Bd4 27. h5 Bxc5 28. Nb5 a5 29. Rh1 Kg7 30. Rh4 Be7 31. Rh3 g5 32. f4 Rac8 33. Kf3 f5 34. fxg5 Bxg5 35. Nd4 Rc3+ 36. Kg2 Rd6 37. Nb5 Rdc6 38. Nxc3 Rxc3 39. Rxb6 Kf6 40. Rb2 Rc4 41. Rh1 Bc1 42. Rb5 a4 43. h6 Rc7 44. Kf3 1/2-1/2

[Event "Seefeld op 13th"]
[Site "Seefeld"]
[Date "2002.09.19"]
[Round "6"]
[White "Schwarz, Oliver"]
[Black "Poropat, Marijan"]
[Result "1/2-1/2"]
[WhiteElo "2025"]
[BlackElo "2136"]
[PlyCount "101"]
[EventDate "2002.09.14"]
[EventType "swiss"]
[EventRounds "9"]
[EventCountry "AUT"]
[SourceTitle "EXT 2007"]
[Source "ChessBase"]
[SourceDate "2006.11.23"]
[SourceVersion "1"]
[SourceVersionDate "2006.11.23"]
[SourceQuality "1"]

1. d4 g6 2. c4 Bg7 3. Nc3 d6 4. e4 Nc6 5. Be3 Nf6 6. f3 0-0 7. Rc1 e5 8. d5 Ne7 9. Bd3 c5 10. dxc6 bxc6 11. Nge2 Qa5 12. 0-0 d5 13. cxd5 cxd5 14. exd5 Nexd5 15. Nxd5 Nxd5 16. Bc5 Rd8 17. Be4 Be6 18. a3 Bh6 19. b4 Qa6 20. Bd3 Qb7 21. f4 Nxf4 22. Nxf4 Bxf4 23. Rc3 Rd7 24. Qe2 Rad8 25. g3 Bh6 26. Be4 Qb8 27. Be3 Bg7 28. Bg5 Re8 29. Bc6 Rc7 30. Rfc1 Rf8 31. b5 Qc8 32. Qe3 h5 33. Rd1 Kh7 34. Qd2 Bg4 35. Rf1 f6 36. Be3 Bf5 37. Rfc1 Rd8 38. Qf2 Qb8 39. b6 axb6 40. Bxb6 Bh6 41. Bxc7 Qxc7 42. Bf3 Qa5 43. Rc7+ Kh8 44. R1c3 Bd2 45. R3c6 Qxa3 46. Ra7 Qd3 47. Rcc7 g5 48. Be2 Qe4 49. Bf3 Qd3 50. Be2 Qe4 51. Bf3 1/2-1/2

[Event "Seefeld op 13th"]
[Site "Seefeld"]
[Date "2002.09.15"]
[Round "2"]
[White "Schmid, Hartmut"]
[Black "Poropat, Marijan"]
[Result "1-0"]
[WhiteElo "2260"]
[BlackElo "2136"]
[PlyCount "59"]
[EventDate "2002.09.14"]
[EventType "swiss"]
[EventRounds "9"]
[EventCountry "AUT"]
[SourceTitle "EXT 2007"]
[Source "ChessBase"]
[SourceDate "2006.11.23"]
[SourceVersion "1"]
[SourceVersionDate "2006.11.23"]
[SourceQuality "1"]

1. e4 d6 2. d4 Nf6 3. Nc3 g6 4. Be2 c6 5. Nf3 Bg7 6. h3 0-0 7. Be3 Qc7 8. Bf4 Nh5 9. Bh2 f5 10. Ng5 Bf6 11. Qd2 f4 12. h4 h6 13. Nf3 e5 14. 0-0-0 Bg4 15. d5 c5 16. g3 Kh7 17. gxf4 exf4 18. Rdg1 Bh3 19. Qd3 Nd7 20. Ng5+ hxg5 21. Qxh3 Kg7 22. Nb5 Qb6 23. Qxd7+ Rf7 24. Qxd6 Qa5 25. hxg5 Rd8 26. gxf6+ Nxf6 27. Qe5 Re8 28. Qf5 Nxe4 29. Qxg6+ Kf8 30. Bxf4 1-0